Welcome to CU Library Online Public Access Catalogue (OPAC)

Terrorism and the topic of Dishonoured Cheques (Record no. 5486)

MARC details
000 -LEADER
fixed length control field 00556nam a22002057a 4500
003 - CONTROL NUMBER IDENTIFIER
control field OSt
005 - DATE AND TIME OF LATEST TRANSACTION
control field 20250415194717.0
008 - FIXED-LENGTH DATA ELEMENTS--GENERAL INFORMATION
fixed length control field 250415b |||||||| |||| 00| 0 eng d
022 ## - INTERNATIONAL STANDARD SERIAL NUMBER
International Standard Serial Number 9788175347502
040 ## - CATALOGING SOURCE
Transcribing agency Delhi, Universal Law Publishing Co Pvt Ltd
050 ## - LIBRARY OF CONGRESS CALL NUMBER
Classification number K487
100 ## - MAIN ENTRY--PERSONAL NAME
Personal name Mohan, Arun
245 ## - TITLE STATEMENT
Title Terrorism and the topic of Dishonoured Cheques
260 ## - PUBLICATION, DISTRIBUTION, ETC.
Place of publication, distribution, etc. Delhi:
Name of publisher, distributor, etc. Universal Law Publishing Co Pvt Ltd
Date of publication, distribution, etc. c 2009
300 ## - PHYSICAL DESCRIPTION
Extent xiv, 130pp
490 ## - SERIES STATEMENT
Materials specified Law
500 ## - GENERAL NOTE
General note Includes Publisher's Note
600 ## - SUBJECT ADDED ENTRY--PERSONAL NAME
Source of heading or term Law
942 ## - ADDED ENTRY ELEMENTS (KOHA)
Source of classification or shelving scheme Library of Congress Classification
Koha item type Books
Suppress in OPAC No
Holdings
Withdrawn status Lost status Source of classification or shelving scheme Damaged status Not for loan Collection Home library Current library Shelving location Date acquired Total checkouts Full call number Barcode Date last seen Copy number Price effective from Koha item type
    Library of Congress Classification     Non-fiction Business Library (Miotso) Business Library (Miotso) General stacks 04/22/2026   K487 MOH BSSM00003550 04/22/2026 1 04/22/2026 Books
    Library of Congress Classification     Non-fiction Law Library (Christ Temple) Law Library (Christ Temple) General stacks 04/15/2025   K487 MOH LLCT00000561 04/15/2025 1 04/15/2025 Books
    Library of Congress Classification     Non-fiction Law Library (Christ Temple) Law Library (Christ Temple) General stacks 04/15/2025   K487 MOH LLCT00000562 04/15/2025 2 04/15/2025 Books
    Library of Congress Classification     Non-fiction Law Library (Christ Temple) Law Library (Christ Temple) General stacks 04/15/2025   K487 MOH LLCT00000563 04/15/2025 3 04/15/2025 Books
© 2023-2024 Copyright: Central University Libraries. All Rights Reserved | Created by: Mahone Tech Office